Catalog

Record Details

Catalog Search



Československo můj osud : kniha života českého demokrata 20. století. Svazek druhý. Kniha 2, Rok 1947 - Únor 1948  Cover Image Book Book

Československo můj osud : kniha života českého demokrata 20. století. Svazek druhý. Kniha 2, Rok 1947 - Únor 1948 / Prokop Drtina

Record details

  • ISBN: 80-7023-114-9
  • Physical Description: Strany 257-714
  • Edition: v Melantrichu 1. vyd. reprint
  • Publisher: Praha : Melantrich, 1992

Content descriptions

Bibliography, etc. Note:
Obsahuje bibliografické odkazy

Available copies

  • 2 of 2 copies available at Common Catalog SPOK.

Holds

  • 0 current holds with 2 total copies.
Show Only Available Copies
Location Call Number / Copy Notes Barcode Shelving Location Status Due Date
Hospic Dobrého Pastýře PA
Tematická katagorie: Odborná - paliativní péče (PA)
204595700704 Skříň ve 2. patře (SKŘ) Available -
Hospic Dobrého Pastýře PA
Tematická katagorie: Odborná - paliativní péče (PA)
204595700706 Skříň ve 2. patře (SKŘ) Available -

LDR 02983nam a2200829 i 4500
00130089
003CZ-PrJAB
00520180305095731.0
008170428s1992 xr |||||||||||||| ||cze d
015 . ‡acnb000074192
020 . ‡a80-7023-114-9
035 . ‡a(CZ PrSKC)KN3183000000465756
035 . ‡a(OCoLC)85636064
040 . ‡aOPG001 ‡bcze ‡erda
080 . ‡a323
1001 . ‡aDrtina, Prokop, ‡d1900-1980 ‡7jk01023131 ‡4aut
24510. ‡aČeskoslovensko můj osud : ‡bkniha života českého demokrata 20. století. ‡nSvazek druhý. Kniha 2, ‡pRok 1947 - Únor 1948 / ‡cProkop Drtina
24613. ‡aRok 1947 - Únor 1948
250 . ‡av Melantrichu 1. vyd. reprint
264 1. ‡aPraha : ‡bMelantrich, ‡c1992
300 . ‡aStrany 257-714
336 . ‡atext ‡btxt ‡2rdacontent
337 . ‡abez média ‡bn ‡2rdamedia
338 . ‡asvazek ‡bnc ‡2rdacarrier
4901 . ‡aMemoáry Melantrich
504 . ‡aObsahuje bibliografické odkazy
6530 . ‡aČeskoslovensko ‡a1947-1948 ‡aemigrace ‡adějiny
830 0. ‡aMemoáry (Melantrich)
910 . ‡aBNE702
901 . ‡a30089 ‡b ‡c30089 ‡tbiblio

Additional Resources